Načítá se...
Tholkkappiyamum enavaraiviyal kavithaiyiyalum
| Hlavní autor: | |
|---|---|
| Médium: | Printed Book |
| Vydáno: |
Chennai
New Century Book House
2010
|
| Témata: |
| LEADER | 00463nam a22001337a 4500 | ||
|---|---|---|---|
| 020 | |a 9788123417705 | ||
| 082 | |a 894.811109 |b STE.T | ||
| 100 | |a Stephen, G | ||
| 245 | |a Tholkkappiyamum enavaraiviyal kavithaiyiyalum | ||
| 260 | |a Chennai |b New Century Book House |c 2010 | ||
| 650 | |a Tamil |a Tamil Criticism | ||
| 942 | |c BK | ||
| 999 | |c 9654 |d 9654 | ||
| 952 | |0 0 |1 0 |4 0 |6 894_811109000000000_STE_T |7 0 |9 11629 |a CAMPUS |b CAMPUS |d 2017-06-27 |l 0 |o 894.811109 STE.T |p 19957 |r 2017-06-27 |w 2017-06-27 |y BK | ||